00684nam a22001577a 4500020001400000082001200014100001700026245010800043260003200151300000900183650007000192942000700262999001500269952012100284952012100405 a471408522 a540 HOL aHolum,John.R aPrinciples of Physical,Organic and Biological Chemistry: An Introduction to the Molecular basis of life aNewe YorkbJohn Wileyc1969 a728p achemistry,organic chemistry,biological chemistryamolecualr basis cBK c1142d1142 0010708NFICaMLCampusbMLCampuscGENd2015-06-15g3290.00l0o540 HOLp000308r2022-11-17 00:00:00w2015-06-15yBK 0010708NFICaMLCampusbMLCampuscGENd2023-02-06g3290.00l0o540 HOLp000100r2023-02-06 00:00:00w2023-02-06yBK